| 000 | 00397nam a22001457a 4500 | ||
|---|---|---|---|
| 020 | _qHB. | ||
| 040 | _cFizza Ishaq | ||
| 082 |
_a612.805 _bIRW |
||
| 100 |
_aKopin, J Irwin. _9133575 |
||
| 245 |
_aReviews of Neuroscience / _c Irwin J Kopin. |
||
| 250 | _aVol 1 | ||
| 260 |
_aNew York ; _bLippincott Williams and Wilkins, _c1974. |
||
| 300 |
_a343 p, ; _c6.2 x 9.4 x .4 inches |
||
| 942 |
_2ddc _cBK |
||
| 999 |
_c616516 _d616516 |
||